LIBRARY & INFORMATION CENTRE, KCAET, TAVANUR

ONLINE PUBLIC ACCESS CATALOGUE (OPAC)

Irrigation and drainage / (Record no. 7319)

MARC details
000 -LEADER
fixed length control field 00473cam a2200193ua 4500
020 ## - INTERNATIONAL STANDARD BOOK NUMBER
ISBN 81-7663-051-9
041 ## - LANGUAGE CODE
Language code of text/sound track or separate title eng
082 ## - DEWEY DECIMAL CLASSIFICATION NUMBER
Classification number 631.587
Item number LEN/IR
100 ## - MAIN ENTRY--AUTHOR NAME
Personal name Lenka, D .
245 ## - TITLE STATEMENT
Title Irrigation and drainage /
250 ## - EDITION STATEMENT
Edition statement 2 /
260 ## - PUBLICATION, DISTRIBUTION, ETC. (IMPRINT)
Place of publication New Delhi :
Name of publisher Kalyani Publishers ,
Year of publication 1999.
300 ## - PHYSICAL DESCRIPTION
Number of Pages 397 ; .
942 ## - ADDED ENTRY ELEMENTS (KOHA)
Koha item type Books
Holdings
Withdrawn status Lost status Damaged status Home library Current library Date acquired Full call number Accession Number Koha item type
      KAUAET KAUAET 07/04/2012 631.587 20574 Books
      KAUAET KAUAET 07/04/2012 631.587 20529 Books
free website counter